| 000 | 01153nam a2200301 i 4500 | ||
|---|---|---|---|
| 001 | bg | ||
| 100 | 1 | _aBOJAKOWSKA, Izabela | |
| 245 | 1 | 0 |
_aWyniki monitoringu geochemicznego osadów wodnych w Polsce w latach 1998-1999 / _caut. Izabela Bojakowska, Tomasz Gliwicz, Gertruda Sokołowska ; Inspekcja Ochrony Środowiska. |
| 260 |
_aWarszawa : _bGłówny Inspektorat Ochrony Środowiska, _c2000. |
||
| 300 |
_a92 s., [28] s. tabl. (w tym 1 k. złoż) : _bmapy kolor. ; _c24 cm. |
||
| 490 | 1 | _aBiblioteka Monitoringu Środowiska | |
| 500 | _aNazwa wydawcy w cop. | ||
| 504 | _aBibliogr. | ||
| 650 | 9 |
_aOsad denny _xchemia _xbadanie _zPolska _yod 1989 r. |
|
| 650 | 9 |
_aWody śródlądowe _xchemia _xbadanie _zPolska _yod 1989 r. |
|
| 650 | 9 |
_aWody śródlądowe _xdegradacja _zPolska _yod 1989 r. |
|
| 700 | 1 | _aGLIWICZ, Tomasz | |
| 700 | 1 | _aSOKOŁOWSKA, Gertruda | |
| 710 | 0 | _aInspekcja Ochrony Środowiska | |
| 830 | _aBiblioteka Monitoringu Środowiska | ||
| 020 | _a8372171076 | ||
| 040 | _cBPK | ||
| 041 | 0 | _apl | |
| 080 | _a504.4.054(438:28)"1989/..." | ||
| 920 | _a83-7217-107-6 | ||
| 942 | _cKS | ||
| 008 | s pl f |000 0 pol | ||
| 999 |
_c39289 _d39289 |
||
| 856 |
_uhttp://koha.tu.koszalin.pl/cgi-bin/koha/opac-detail.pl?biblionumber=39289 _yKatalog online BPK |
||